000
00289nam a22001337a 4500
008
181019b xxu||||| |||| 00| 0 eng d
020
_a
9780201457315
041
_a
eng
080
_a
721
100
_a
41
101
_a
ARK
245
_a
Autocad Essentials
_c
David.C
942
_2
udc
_c
BK
999
_c
50176
_d
50176